000 00370nam a2200133Ia 4500
008 240624s9999 xx 000 0 und d
041 _aeng
082 _a303.4834 KAD
100 _aKADUSHIN CHARLES
245 _aUNDERSTANDING SOCIAL NETWORKS THEORIES C
260 _c2012
_aNew Delhi
_bOxford University Press
300 _axii, : 252 : p. : cm. ; 23
365 _cRS
_b32
999 _c19416
_d19416